| 000 | 00383nam a2200145Ia 4500 | ||
|---|---|---|---|
| 008 | 230917s9999||||xx |||||||||||||| ||und|| | ||
| 040 |
_e4208 _aMAIN |
||
| 041 | _aEnglish | ||
| 082 | _a329.973 Z83A | ||
| 100 | _aZucker, Norman L | ||
| 245 | 0 | _aAmerican party process: Readings and comments | |
| 260 |
_aNew York _bDodd, Mead & Company _c1968 |
||
| 300 | _av, 523 p. | ||
| 942 | _cBK | ||
| 999 |
_c220498 _d220498 |
||